| Tag |
First Indicator |
Second Indicator |
Subfields |
| LEADER |
00000pam a2200000 a 4500 |
| 001 |
in00000087283 |
| 005 |
20151008062900.0 |
| 008 |
810413s1981 nyua b 00110 eng |
| 010 |
|
|
|a 81005204
|
| 020 |
|
|
|a 003058454X :
|c $25.95
|
| 035 |
|
|
|a (OCoLC)07461551
|
| 035 |
|
|
|9 AAK1129AM
|
| 039 |
0 |
|
|a 2
|b 3
|c 3
|d 3
|e 3
|
| 040 |
|
|
|a DLC
|c DLC
|d TXA
|d UtOrBLW
|
| 043 |
|
|
|a n-us---
|
| 049 |
|
|
|a TXAM
|c [933511]
|
| 050 |
0 |
0 |
|a LC173
|b S7
|
| 082 |
0 |
|
|a 379.1/54/0973
|2 19
|
| 100 |
1 |
|
|a St. John, Edward P.
|
| 245 |
1 |
0 |
|a Public policy and college management :
|b Title III of the Higher Education Act /
|c Edward P. St. John ; foreword by George B. Weathersby.
|
| 264 |
|
1 |
|a New York, N.Y. :
|b Praeger,
|c 1981.
|
| 300 |
|
|
|a xviii, 278 pages :
|b illustrations ;
|c 24 cm.
|
| 336 |
|
|
|a text
|b txt
|2 rdacontent
|
| 337 |
|
|
|a unmediated
|b n
|2 rdamedia
|
| 338 |
|
|
|a volume
|b nc
|2 rdacarrier
|
| 500 |
|
|
|a Includes index.
|
| 504 |
|
|
|a Bibliography: pages 255-273.
|
| 650 |
|
0 |
|a Higher education and state
|z United States.
|
| 650 |
|
0 |
|a Universities and colleges
|z United States
|x Administration.
|
| 650 |
|
0 |
|a Universities and colleges
|x Law and legislation
|z United States.
|
| 999 |
|
|
|a MARS
|
| 999 |
f |
f |
|s 3619d4cb-0780-37fb-9da4-c5baeed72944
|i 3e9e77e2-ccc3-3c3b-aab8-e49837790490
|t 0
|
| 952 |
f |
f |
|p normal
|a Texas A&M University
|b College Station
|c Sterling C. Evans Library
|d Evans: Library Stacks
|t 0
|e LC173 S7
|h Library of Congress classification
|i unmediated -- volume
|m A14805977233
|
| 998 |
f |
f |
|a LC173 S7
|t 0
|l Evans: Library Stacks
|